000 00375 a2200169 4500
001 160939
020 _a85-16-00775-8
040 _cMagnum
100 _aCarr, Stella
240 1 0 _aCuidado, não olhe para trás!
_lpor
245 1 0 _aCuidado, não olhe para trás!
300 _a82
362 0 _a1992
440 1 _aModerna
697 _aLITERATURA JUVENIL
942 _cBK
999 _c160939
_d160939